| 000 | 00559nam a22001457a 4500 | ||
|---|---|---|---|
| 082 | _a004 | ||
| 100 | _aTabassum, Farheen | ||
| 245 |
_aA Collaborative Framework for Real Time Detection of Application Layer DDos Attack Using Log Based Collaborative Intrusion Detection System / _cFarheen Tabassum. |
||
| 260 |
_aIslamabad: _bCEME - NUST, _c2015. |
||
| 300 |
_a91 p. : _bill. ; _c30cm. |
||
| 650 |
_aSoftware Engineering MS-Thesis. _916149 |
||
| 700 |
_aDr. Shoab Ahmed Khan _916053 |
||
| 942 |
_2ddc _cTHE |
||
| 999 |
_c536484 _d536484 |
||